000 00854nam0a22002411 4500
001 rc\2697289
005 20230518121618.0
035 _a(NLR Aleph) 006825473
090 _a6488740
_c6488740
100 _a20110915d1933 |||y0rusy50 ca
101 0 _arus
102 _aRU
105 _ay z |||||
200 1 _aПо-новому организовать массы на выполнение плана лесозаготовок
_fГ. Ракитов
210 _aМосква
_aСмоленск
_cПартиздат
_d1933
_e[Смоленск]
_gтип. им. Смирнова
215 _aОбл., 45 с., 3 с. объявл.
_d14х11 см.
700 1 _aРакитов
_bГ. Д.
_gГригорий Давидович
801 0 _aRU
_bNLR
_gpsbo
801 1 _aRU
_bELAR
_2rusmarc
852 _aNLR
_j33-8/787
942 _cBOOK
980 _aNB